| 000 | 00524nam a2200145 a 4500 | ||
|---|---|---|---|
| 008 | 080408s2005 ||||||||||||||||| || u | ||
| 050 | _aIBRD(08)WP | ||
| 100 | _aLecocq, Franck | ||
| 245 | 1 | 0 | _aState and trends of the carbon market 2004 |
| 260 |
_aWashington, D.C. _bWorld Bank _c2005 |
||
| 350 | _a0.00 | ||
| 490 | _aWorld Bank Working Papers | ||
| 650 | _aCARBON | ||
| 995 |
_D0.00 _FCBU-MAIN LIBRARY (Kitwe) _H1 _I0.00 _M1 _UAVAILABLE _WApr 8, 2008 _ZInternational Publications |
||
| 999 |
_c58193 _d58193 |
||